| 000 | 00426nam a22001217a 4500 | ||
|---|---|---|---|
| 003 | OSt | ||
| 008 | 250120b |||||||| |||| 00| 0 eng d | ||
| 041 | _aeng | ||
| 100 |
_aWorld Energy Conference _96968 |
||
| 245 | _aDo: Working Group No.4 WG 4A Energy Conservation in Housing and Service Sector in Europe and North America | ||
| 260 |
_aNew Delhi: _bOrganising Committe 12th Congress World Energy Conference, _c1983. |
||
| 942 | _cBK | ||
| 999 |
_c19068 _d19068 |
||